76ers Player to Nickname - Statistics

General Stats
  • This quiz has been taken 35 times
  • The average score is 6 of 12
Answer Stats
Hint Answer % Correct
Paul George PG13
100%
Joel Embiid The Process
88%
Jared McCain TikToker
75%
Quentin Grimes Grime and Punishment
67%
Tyrese Maxey The Franchise
58%
Andre Drummond Big Penguin
46%
Guerschon Yabusele The Dancing Bear
42%
Eric Gordon The Hobbit
38%
Kelly Oubre Jr. Tsunami Papi
33%
Jared Butler Dr. J
29%
Kyle Lowry The GROAT
29%
Justin Edwards The Stopper
29%
No matching quizzes found
Score Distribution
Percent of People with Each Score
Percentile by Number Answered
Your Score History
You have not taken this quiz